[Event "Deutsche Ländermeisterschaft 2018"]
[Site "Würzburg GER"]
[Date "2018.10.07"]
[Round "7"]
[White "Kölle, Tobias"]
[Black "Doll, Alexander"]
[Result "1/2-1/2"]
[Termination "normal"]
[Board "5.3"]
[WhiteElo "2125"]
[BlackElo "2153"]
[WhiteClock "00:20:01"]
[BlackClock "00:20:03"]
[WhiteTeam "Württemberg 1"]
[BlackTeam "Baden 2"]
[PlyCount "73"]
[WhiteFideId "16207378"]
[BlackFideId "16228294"]
[EventCountry "GER"]
[EventRounds "7"]
[EventType "team-swiss"]
[EventDate "2018.10.02"]

1. d4 {[%clk 1:30:55]} Nf6 {[%clk 1:30:41]} 2. c4 {[%clk 1:31:16]} e6 {[%clk
1:31:08]} 3. Nc3 {[%clk 1:31:40]} d5 {[%clk 1:31:33]} 4. cxd5 {[%clk 1:32:05]}
exd5 {[%clk 1:31:58]} 5. Bg5 {[%clk 1:32:26]} Be7 {[%clk 1:32:07]} 6. e3 {[%clk
1:32:49]} c6 {[%clk 1:32:20]} 7. Bd3 {[%clk 1:33:11]} Ne4 {[%clk 1:31:50]} 8.
Bxe7 {[%clk 1:32:35]} Qxe7 {[%clk 1:32:11]} 9. Qc2 {[%clk 1:32:20]} Nxc3 {[%clk
1:32:38]} 10. bxc3 {[%clk 1:32:28]} Nd7 {[%clk 1:32:05]} 11. Ne2 {[%clk
1:32:05]} g6 {[%clk 1:31:08]} 12. O-O {[%clk 1:32:25]} O-O {[%clk 1:31:18]} 13.
Rae1 {[%clk 1:32:34]} c5 {[%clk 1:25:37]} 14. Ng3 {[%clk 1:29:38]} Nf6 {[%clk
1:19:05]} 15. Qb1 {[%clk 1:27:21]} Be6 {[%clk 1:12:02]} 16. f3 {[%clk 1:25:10]}
Qc7 {[%clk 1:10:06]} 17. e4 {[%clk 1:17:44]} cxd4 {[%clk 1:08:54]} 18. cxd4
{[%clk 1:17:53]} Qb6 {[%clk 1:08:55]} 19. Qa1 {[%clk 1:08:22]} dxe4 {[%clk
0:47:09]} 20. Rb1 {[%clk 1:04:05]} Qa5 {[%clk 0:43:19]} 21. fxe4 {[%clk
1:02:31]} Ng4 {[%clk 0:42:51]} 22. Qb2 {[%clk 0:46:33]} Bxa2 {[%clk 0:38:56]}
23. Ra1 {[%clk 0:43:14]} Qg5 {[%clk 0:39:17]} 24. Rxa2 {[%clk 0:39:26]} Qe3+
{[%clk 0:36:51]} 25. Kh1 {[%clk 0:39:50]} Qxd3 {[%clk 0:35:58]} 26. Ra3 {[%clk
0:39:26]} Qc4 {[%clk 0:34:58]} 27. h3 {[%clk 0:39:06]} Nh6 {[%clk 0:33:17]} 28.
Qd2 {[%clk 0:38:32]} Kg7 {[%clk 0:32:32]} 29. Nh5+ {[%clk 0:33:48]} gxh5 30.
Qg5+ {[%clk 0:34:01]} Kh8 {[%clk 0:24:50]} 31. Qf6+ {[%clk 0:34:21]} Kg8 {[%clk
0:25:17]} 32. Ra5 {[%clk 0:28:51]} b5 {[%clk 0:21:58]} 33. Qg5+ {[%clk
0:26:48]} Kh8 {[%clk 0:19:35]} 34. Qf6+ {[%clk 0:26:35]} Kg8 {[%clk 0:20:03]}
35. Qg5+ {[%clk 0:20:01]} Kh8 36. Qf6+ Kg8 37. Qg5+ 1/2-1/2

[Event "Deutsche Ländermeisterschaft 2018"]
[Site "Würzburg GER"]
[Date "2018.10.07"]
[Round "7"]
[White "Wu, Luka"]
[Black "Richter, Nils"]
[Result "1/2-1/2"]
[Termination "normal"]
[Board "5.4"]
[WhiteElo "2001"]
[BlackElo "2035"]
[WhiteClock "00:32:57"]
[BlackClock "00:12:47"]
[WhiteTeam "Baden 2"]
[BlackTeam "Württemberg 1"]
[PlyCount "88"]
[WhiteFideId "12977420"]
[BlackFideId "12990809"]
[EventCountry "GER"]
[EventRounds "7"]
[EventType "team-swiss"]
[EventDate "2018.10.02"]

1. c4 {[%clk 1:30:58]} Nf6 {[%clk 1:30:50]} 2. Nc3 {[%clk 1:31:11]} g6 {[%clk
1:31:15]} 3. g3 {[%clk 1:31:15]} Bg7 {[%clk 1:31:39]} 4. Bg2 {[%clk 1:31:39]}
O-O {[%clk 1:32:02]} 5. Nf3 {[%clk 1:32:04]} d6 {[%clk 1:32:26]} 6. O-O {[%clk
1:32:15]} Nc6 {[%clk 1:32:51]} 7. Rb1 {[%clk 1:31:45]} a5 {[%clk 1:32:06]} 8.
a3 {[%clk 1:31:57]} e5 {[%clk 1:31:45]} 9. d3 {[%clk 1:32:22]} h6 {[%clk
1:32:01]} 10. b4 {[%clk 1:31:02]} axb4 {[%clk 1:32:14]} 11. axb4 {[%clk
1:31:25]} Be6 {[%clk 1:32:39]} 12. b5 {[%clk 1:27:36]} Ne7 {[%clk 1:33:04]} 13.
Bb2 {[%clk 1:23:57]} Qd7 {[%clk 1:30:49]} 14. Re1 {[%clk 1:21:21]} Bh3 {[%clk
1:30:23]} 15. Bh1 {[%clk 1:21:08]} Ng4 {[%clk 1:29:48]} 16. Ra1 {[%clk
1:17:56]} f5 {[%clk 1:21:11]} 17. Qb3 {[%clk 1:11:59]} Kh7 {[%clk 1:17:50]} 18.
Rxa8 {[%clk 1:11:59]} Rxa8 {[%clk 1:18:13]} 19. Ra1 {[%clk 1:12:20]} Rxa1+
{[%clk 1:12:25]} 20. Bxa1 {[%clk 1:12:43]} e4 {[%clk 1:12:50]} 21. Ne1 {[%clk
1:03:17]} Bd4 {[%clk 1:01:33]} 22. e3 {[%clk 0:58:30]} Nxe3 {[%clk 1:00:18]}
23. Ne2 {[%clk 0:58:54]} Bxa1 {[%clk 1:00:03]} 24. fxe3 {[%clk 0:59:15]} Bg4
{[%clk 0:50:46]} 25. Kf2 {[%clk 0:56:58]} Bxe2 {[%clk 0:42:59]} 26. Kxe2 {[%clk
0:57:22]} exd3+ {[%clk 0:42:27]} 27. Nxd3 {[%clk 0:54:26]} c6 {[%clk 0:40:47]}
28. bxc6 {[%clk 0:53:21]} bxc6 {[%clk 0:37:58]} 29. Nb4 {[%clk 0:52:52]} c5
{[%clk 0:29:35]} 30. Nd5 {[%clk 0:51:51]} Nxd5 {[%clk 0:29:49]} 31. Bxd5 {[%clk
0:52:13]} Bg7 {[%clk 0:28:20]} 32. Kf3 {[%clk 0:46:44]} h5 {[%clk 0:26:54]} 33.
Kg2 {[%clk 0:43:17]} Qe7 {[%clk 0:25:51]} 34. Qd3 {[%clk 0:41:49]} Qe5 {[%clk
0:25:44]} 35. Kf2 {[%clk 0:37:28]} Qa1 {[%clk 0:24:05]} 36. Qe2 {[%clk
0:35:33]} Bh6 {[%clk 0:20:26]} 37. h4 {[%clk 0:34:49]} Qc3 {[%clk 0:20:24]} 38.
Kf3 {[%clk 0:34:48]} Bg7 {[%clk 0:20:12]} 39. Kf2 {[%clk 0:34:29]} Be5 {[%clk
0:19:25]} 40. Kg2 {[%clk 0:34:41]} Kh6 {[%clk 0:15:34]} 41. Qf2 {[%clk
0:34:24]} Qd3 {[%clk 0:15:32]} 42. Qf3 {[%clk 0:34:30]} Kh7 {[%clk 0:14:48]}
43. Qf2 {[%clk 0:34:06]} Qc3 {[%clk 0:12:47]} 44. Qe2 {[%clk 0:32:57]} Qa5
1/2-1/2

[Event "Deutsche Ländermeisterschaft 2018"]
[Site "Würzburg GER"]
[Date "2018.10.07"]
[Round "7"]
[White "Leser, Katrin"]
[Black "Doll, Rebecca"]
[Result "1-0"]
[Termination "normal"]
[Board "5.5"]
[WhiteElo "2018"]
[BlackElo "1716"]
[WhiteClock "00:08:58"]
[BlackClock "00:01:09"]
[WhiteTeam "Württemberg 1"]
[BlackTeam "Baden 2"]
[PlyCount "113"]
[WhiteFideId "12997692"]
[BlackFideId "16236890"]
[EventCountry "GER"]
[EventRounds "7"]
[EventType "team-swiss"]
[EventDate "2018.10.02"]

1. e4 {[%clk 1:30:57]} e5 {[%clk 1:30:55]} 2. Nf3 {[%clk 1:31:23]} Nc6 {[%clk
1:31:20]} 3. Bb5 {[%clk 1:31:48]} a6 {[%clk 1:31:46]} 4. Ba4 {[%clk 1:32:14]}
d6 {[%clk 1:32:11]} 5. c3 {[%clk 1:32:39]} Bd7 {[%clk 1:32:10]} 6. d4 {[%clk
1:32:42]} Nge7 {[%clk 1:32:08]} 7. O-O {[%clk 1:31:30]} Ng6 {[%clk 1:32:04]} 8.
d5 {[%clk 1:30:14]} Nb8 {[%clk 1:32:12]} 9. Bxd7+ {[%clk 1:30:26]} Nxd7 {[%clk
1:32:22]} 10. c4 {[%clk 1:30:25]} a5 {[%clk 1:32:08]} 11. Nc3 {[%clk 1:29:13]}
Be7 {[%clk 1:31:10]} 12. Be3 {[%clk 1:20:11]} h6 {[%clk 1:28:13]} 13. Qd2
{[%clk 1:15:21]} O-O {[%clk 1:23:11]} 14. a3 {[%clk 1:14:15]} f5 {[%clk
1:17:17]} 15. exf5 {[%clk 1:11:59]} Rxf5 {[%clk 1:16:44]} 16. Qc2 {[%clk
1:09:49]} Qf8 {[%clk 1:15:45]} 17. Nd2 {[%clk 1:06:13]} Qf7 {[%clk 1:09:52]}
18. Nde4 {[%clk 0:59:22]} Rf8 {[%clk 1:00:59]} 19. Ng3 {[%clk 0:55:48]} Rf4
{[%clk 0:50:04]} 20. Nb5 {[%clk 0:46:43]} Bd8 {[%clk 0:45:40]} 21. b4 {[%clk
0:39:22]} a4 {[%clk 0:35:56]} 22. Bxf4 {[%clk 0:19:06]} exf4 {[%clk 0:35:32]}
23. Nd4 {[%clk 0:17:44]} fxg3 {[%clk 0:25:35]} 24. fxg3 {[%clk 0:18:04]} Bf6
{[%clk 0:25:12]} 25. Ne6 {[%clk 0:16:12]} Re8 {[%clk 0:22:48]} 26. Qxa4 {[%clk
0:14:35]} Qe7 {[%clk 0:18:07]} 27. Rad1 {[%clk 0:11:33]} Nb6 {[%clk 0:17:29]}
28. Qb3 {[%clk 0:08:18]} Ne5 {[%clk 0:14:10]} 29. Rc1 {[%clk 0:07:05]} c6
{[%clk 0:10:48]} 30. Nf4 {[%clk 0:05:24]} Ng4 {[%clk 0:10:02]} 31. Qf3 {[%clk
0:03:50]} Qd7 {[%clk 0:06:29]} 32. h3 {[%clk 0:01:55]} Ne3 {[%clk 0:04:34]} 33.
dxc6 {[%clk 0:01:52]} bxc6 {[%clk 0:04:17]} 34. Rfe1 {[%clk 0:01:29]} Nexc4
{[%clk 0:02:55]} 35. Qh5 {[%clk 0:01:09]} Bd4+ {[%clk 0:02:31]} 36. Kh2 {[%clk
0:01:17]} Re7 {[%clk 0:02:13]} 37. Ng6 {[%clk 0:01:22]} Rf7 {[%clk 0:02:05]}
38. Re4 {[%clk 0:01:24]} c5 {[%clk 0:01:46]} 39. Rce1 {[%clk 0:01:17]} Ne5
{[%clk 0:01:32]} 40. bxc5 {[%clk 0:01:31]} Bxc5 {[%clk 0:00:41]} 41. Nxe5
{[%clk 0:18:15]} dxe5 {[%clk 0:29:16]} 42. Qxe5 {[%clk 0:18:01]} Rf5 {[%clk
0:16:29]} 43. Qb8+ {[%clk 0:16:31]} Rf8 {[%clk 0:16:27]} 44. Re8 {[%clk
0:16:19]} Nc8 {[%clk 0:13:17]} 45. Rxf8+ {[%clk 0:12:59]} Bxf8 {[%clk 0:12:30]}
46. Rc1 {[%clk 0:12:41]} Ne7 {[%clk 0:11:17]} 47. Rf1 {[%clk 0:10:17]} Qc8
{[%clk 0:07:19]} 48. Qb3+ {[%clk 0:10:25]} Kh7 {[%clk 0:07:09]} 49. a4 {[%clk
0:10:06]} Nc6 {[%clk 0:04:32]} 50. Qc2+ {[%clk 0:08:46]} Kg8 {[%clk 0:01:58]}
51. Rc1 {[%clk 0:09:05]} Qa6 {[%clk 0:01:22]} 52. Qxc6 {[%clk 0:09:25]} Qa5
{[%clk 0:01:44]} 53. Rd1 {[%clk 0:08:52]} Qb4 {[%clk 0:01:29]} 54. Qb5 {[%clk
0:08:37]} Qc3 {[%clk 0:01:27]} 55. a5 {[%clk 0:08:27]} Qc2 {[%clk 0:01:02]} 56.
Qd5+ {[%clk 0:08:40]} Kh7 {[%clk 0:01:09]} 57. Qd3+ {[%clk 0:08:58]} 1-0

[Event "Deutsche Ländermeisterschaft 2018"]
[Site "Würzburg GER"]
[Date "2018.10.07"]
[Round "7"]
[White "Karsay, Pascal"]
[Black "Weller, Uli"]
[Result "1-0"]
[Termination "normal"]
[Board "6.2"]
[WhiteElo "2261"]
[BlackElo "2123"]
[WhiteClock "00:09:59"]
[BlackClock "00:05:25"]
[WhiteTeam "Rheinland-Pfalz"]
[BlackTeam "Bayern 2"]
[PlyCount "59"]
[WhiteFideId "12953474"]
[BlackFideId "12971782"]
[EventCountry "GER"]
[EventRounds "7"]
[EventType "team-swiss"]
[EventDate "2018.10.02"]

1. Nf3 {[%clk 1:30:57]} c5 {[%clk 1:30:49]} 2. e4 {[%clk 1:31:13]} Nc6 {[%clk
1:31:10]} 3. Bb5 {[%clk 1:31:36]} g6 {[%clk 1:29:12]} 4. O-O {[%clk 1:31:55]}
Bg7 {[%clk 1:29:30]} 5. Re1 {[%clk 1:32:15]} e5 {[%clk 1:26:56]} 6. b4 {[%clk
1:32:32]} cxb4 {[%clk 1:17:27]} 7. a3 {[%clk 1:31:27]} Nge7 {[%clk 1:13:14]} 8.
axb4 {[%clk 1:30:10]} O-O {[%clk 1:11:58]} 9. d3 {[%clk 1:27:03]} d6 {[%clk
1:08:42]} 10. c3 {[%clk 1:26:43]} h6 {[%clk 1:05:41]} 11. Bc4 {[%clk 1:16:34]}
Kh7 {[%clk 1:01:24]} 12. Nbd2 {[%clk 1:09:51]} f5 {[%clk 0:59:27]} 13. Qb3
{[%clk 1:01:27]} g5 {[%clk 0:43:33]} 14. h3 {[%clk 0:46:57]} Ng6 {[%clk
0:42:11]} 15. exf5 {[%clk 0:41:41]} Bxf5 {[%clk 0:41:07]} 16. Ne4 {[%clk
0:40:54]} Bf6 {[%clk 0:28:33]} 17. Be3 {[%clk 0:24:24]} Be7 {[%clk 0:17:07]}
18. Bd5 {[%clk 0:23:09]} Qd7 {[%clk 0:15:48]} 19. Ng3 {[%clk 0:21:32]} Bxh3
{[%clk 0:13:22]} 20. gxh3 {[%clk 0:21:10]} Qxh3 {[%clk 0:13:10]} 21. Be6 {[%clk
0:17:41]} g4 {[%clk 0:13:26]} 22. Nh2 {[%clk 0:17:39]} Nh4 {[%clk 0:11:20]} 23.
Qd5 {[%clk 0:17:58]} Rf3 {[%clk 0:11:04]} 24. Qxf3 {[%clk 0:17:11]} Nxf3+
{[%clk 0:11:23]} 25. Nxf3 {[%clk 0:17:37]} h5 {[%clk 0:07:30]} 26. Bg5 {[%clk
0:11:57]} Kg6 {[%clk 0:07:09]} 27. b5 {[%clk 0:09:31]} Bxg5 {[%clk 0:05:28]}
28. Bf7+ {[%clk 0:09:39]} Kg7 {[%clk 0:05:01]} 29. Nxg5 {[%clk 0:09:59]} Qh4
{[%clk 0:05:25]} 30. Nf5+ 1-0

[Event "Deutsche Ländermeisterschaft 2018"]
[Site "Würzburg GER"]
[Date "2018.10.07"]
[Round "7"]
[White "Mantel, Ruben"]
[Black "Yankelevich, Michael"]
[Result "1-0"]
[Termination "normal"]
[Board "6.3"]
[WhiteElo "2101"]
[BlackElo "1961"]
[WhiteClock "00:30:08"]
[BlackClock "01:36:06"]
[WhiteTeam "Bayern 2"]
[BlackTeam "Rheinland-Pfalz"]
[PlyCount "119"]
[WhiteFideId "12930121"]
[BlackFideId "12921440"]
[EventCountry "GER"]
[EventRounds "7"]
[EventType "team-swiss"]
[EventDate "2018.10.02"]

1. d4 {[%clk 1:30:55]} d5 {[%clk 1:29:56]} 2. Bf4 {[%clk 1:30:56]} e6 {[%clk
1:30:02]} 3. e3 {[%clk 1:31:10]} Nf6 {[%clk 1:30:09]} 4. c3 {[%clk 1:31:11]} c5
{[%clk 1:30:00]} 5. Nd2 {[%clk 1:31:08]} Nc6 {[%clk 1:30:00]} 6. Ngf3 {[%clk
1:31:16]} Be7 {[%clk 1:30:05]} 7. Ne5 {[%clk 1:29:52]} O-O {[%clk 1:27:29]} 8.
Bd3 {[%clk 1:28:47]} h6 {[%clk 1:26:55]} 9. h4 {[%clk 1:23:20]} cxd4 {[%clk
1:25:49]} 10. exd4 {[%clk 1:23:35]} Nd7 {[%clk 1:23:51]} 11. Ndf3 {[%clk
1:14:54]} Ndxe5 {[%clk 1:23:54]} 12. dxe5 {[%clk 1:12:59]} f6 {[%clk 1:22:51]}
13. Qd2 {[%clk 0:30:41]} fxe5 {[%clk 1:21:39]} 14. Nxe5 {[%clk 0:24:57]} Nxe5
{[%clk 1:20:02]} 15. Bxe5 {[%clk 0:25:17]} Bxh4 {[%clk 1:19:18]} 16. g3 {[%clk
0:24:57]} Bg5 {[%clk 1:17:43]} 17. f4 {[%clk 0:24:51]} Bf6 {[%clk 1:18:02]} 18.
O-O-O {[%clk 0:22:52]} Qb6 {[%clk 1:15:16]} 19. Bc2 {[%clk 0:19:16]} Bxe5
{[%clk 1:15:23]} 20. fxe5 {[%clk 0:19:34]} Rf3 {[%clk 1:15:01]} 21. Rhf1 {[%clk
0:07:12]} Qe3 {[%clk 1:14:01]} 22. Rxf3 {[%clk 0:07:33]} Qxf3 {[%clk 1:14:27]}
23. c4 {[%clk 0:07:23]} Qxg3 {[%clk 1:12:01]} 24. cxd5 {[%clk 0:06:46]} Qxe5
{[%clk 1:11:55]} 25. Qd3 {[%clk 0:03:07]} Qf5 {[%clk 1:10:57]} 26. Qb5 {[%clk
0:03:03]} Qf4+ {[%clk 1:07:43]} 27. Kb1 {[%clk 0:03:31]} exd5 {[%clk 1:07:04]}
28. Qxd5+ {[%clk 0:02:19]} Kf8 {[%clk 1:06:29]} 29. Qc5+ {[%clk 0:02:44]} Kf7
{[%clk 1:06:40]} 30. Bb3+ {[%clk 0:01:25]} Be6 {[%clk 1:01:35]} 31. Rd7+ {[%clk
0:01:52]} Kg6 {[%clk 1:01:56]} 32. Bxe6 {[%clk 0:01:40]} Qf1+ {[%clk 1:01:16]}
33. Kc2 {[%clk 0:02:08]} Qe2+ {[%clk 1:01:27]} 34. Kc1 {[%clk 0:01:40]} Qf1+
{[%clk 1:01:09]} 35. Rd1 {[%clk 0:01:39]} Qf4+ {[%clk 1:01:22]} 36. Kb1 {[%clk
0:01:38]} Qe4+ {[%clk 1:01:12]} 37. Ka1 {[%clk 0:01:48]} Qxe6 {[%clk 1:00:00]}
38. Rd6 {[%clk 0:02:11]} Re8 {[%clk 1:00:16]} 39. a4 {[%clk 0:01:28]} a6 {[%clk
1:00:09]} 40. Qb6 {[%clk 0:01:25]} Kf6 {[%clk 1:00:29]} 41. Rxe6+ {[%clk
0:01:34]} Rxe6 {[%clk 1:00:58]} 42. Qxb7 {[%clk 0:01:56]} g5 {[%clk 1:01:11]}
43. Qh7 {[%clk 0:00:47]} Ke5 {[%clk 1:00:59]} 44. Qg7+ {[%clk 0:00:45]} Kf5
{[%clk 1:00:54]} 45. b4 {[%clk 0:00:34]} h5 {[%clk 1:01:00]} 46. Qh7+ {[%clk
0:30:11]} Kg4 {[%clk 1:31:18]} 47. Qd7 {[%clk 0:30:30]} Kf5 {[%clk 1:31:42]}
48. b5 {[%clk 0:30:48]} axb5 {[%clk 1:32:11]} 49. axb5 {[%clk 0:31:12]} h4
{[%clk 1:32:31]} 50. b6 {[%clk 0:31:04]} Ke5 {[%clk 1:32:35]} 51. b7 {[%clk
0:30:36]} Ra6+ {[%clk 1:32:56]} 52. Kb2 {[%clk 0:30:55]} Rb6+ {[%clk 1:33:24]}
53. Kc3 {[%clk 0:31:14]} Rxb7 {[%clk 1:33:52]} 54. Qxb7 {[%clk 0:31:37]} Kf4
{[%clk 1:34:21]} 55. Kd3 {[%clk 0:31:53]} Kg3 {[%clk 1:34:48]} 56. Ke3 {[%clk
0:31:09]} g4 {[%clk 1:35:06]} 57. Qc7+ {[%clk 0:31:21]} Kg2 {[%clk 1:35:26]}
58. Kf4 {[%clk 0:29:33]} h3 {[%clk 1:35:48]} 59. Qc2+ {[%clk 0:29:46]} Kh1
{[%clk 1:36:06]} 60. Kg3 {[%clk 0:30:08]} 1-0

[Event "Deutsche Ländermeisterschaft 2018"]
[Site "Würzburg GER"]
[Date "2018.10.07"]
[Round "7"]
[White "Musiolik, David"]
[Black "Astner, Sebastian"]
[Result "1-0"]
[Termination "normal"]
[Board "6.4"]
[WhiteElo "2057"]
[BlackElo "1849"]
[WhiteClock "00:13:08"]
[BlackClock "00:12:54"]
[WhiteTeam "Rheinland-Pfalz"]
[BlackTeam "Bayern 2"]
[PlyCount "105"]
[WhiteFideId "12972355"]
[BlackFideId "12979422"]
[EventCountry "GER"]
[EventRounds "7"]
[EventType "team-swiss"]
[EventDate "2018.10.02"]

1. e4 {[%clk 1:30:56]} c6 {[%clk 1:30:56]} 2. d4 {[%clk 1:31:12]} d5 {[%clk
1:31:24]} 3. Nc3 {[%clk 1:31:27]} dxe4 {[%clk 1:31:52]} 4. Nxe4 {[%clk
1:31:50]} Nf6 {[%clk 1:32:21]} 5. Nxf6+ {[%clk 1:17:39]} exf6 {[%clk 1:32:50]}
6. Bf4 {[%clk 1:11:59]} Bd6 {[%clk 1:31:59]} 7. Bxd6 {[%clk 1:04:58]} Qxd6
{[%clk 1:32:19]} 8. Qd2 {[%clk 1:04:53]} Be6 {[%clk 1:30:26]} 9. Nf3 {[%clk
1:03:32]} Nd7 {[%clk 1:28:14]} 10. c4 {[%clk 0:57:53]} Qe7 {[%clk 1:18:49]} 11.
Qe3 {[%clk 0:53:04]} Qb4+ {[%clk 1:16:55]} 12. Qd2 {[%clk 0:52:41]} Qe7 {[%clk
1:17:15]} 13. O-O-O {[%clk 0:45:49]} Nb6 {[%clk 1:14:07]} 14. Qc3 {[%clk
0:44:50]} O-O {[%clk 1:12:10]} 15. Kb1 {[%clk 0:43:25]} Rfd8 {[%clk 1:07:22]}
16. h3 {[%clk 0:41:37]} Bf5+ {[%clk 0:59:50]} 17. Bd3 {[%clk 0:39:22]} Bxd3+
{[%clk 1:00:11]} 18. Qxd3 {[%clk 0:39:29]} Qb4 {[%clk 0:58:32]} 19. Rc1 {[%clk
0:37:54]} Rd7 {[%clk 0:55:13]} 20. a3 {[%clk 0:35:53]} Qa4 {[%clk 0:50:32]} 21.
Rhe1 {[%clk 0:32:55]} Rad8 {[%clk 0:44:54]} 22. Qf5 {[%clk 0:30:02]} g6 {[%clk
0:35:00]} 23. Qc2 {[%clk 0:28:39]} Qxc2+ {[%clk 0:31:49]} 24. Rxc2 {[%clk
0:29:05]} Kf8 {[%clk 0:31:15]} 25. b3 {[%clk 0:28:08]} Na8 {[%clk 0:30:18]} 26.
Rd2 {[%clk 0:26:28]} Nc7 {[%clk 0:29:50]} 27. Red1 {[%clk 0:24:16]} Ne6 {[%clk
0:22:01]} 28. g3 {[%clk 0:22:48]} h5 {[%clk 0:18:35]} 29. Kb2 {[%clk 0:06:43]}
Ng5 {[%clk 0:14:18]} 30. Nxg5 {[%clk 0:06:04]} fxg5 {[%clk 0:14:46]} 31. Kc3
{[%clk 0:04:11]} f5 {[%clk 0:14:11]} 32. Re1 {[%clk 0:03:44]} Kf7 {[%clk
0:13:39]} 33. h4 {[%clk 0:02:27]} gxh4 {[%clk 0:13:02]} 34. gxh4 {[%clk
0:02:56]} Re7 {[%clk 0:13:18]} 35. Rxe7+ {[%clk 0:02:37]} Kxe7 {[%clk 0:13:46]}
36. Re2+ {[%clk 0:02:49]} Kf6 {[%clk 0:13:58]} 37. f4 {[%clk 0:03:07]} Rd7
{[%clk 0:12:57]} 38. Re5 {[%clk 0:02:53]} b6 {[%clk 0:12:15]} 39. b4 {[%clk
0:02:05]} a6 {[%clk 0:10:54]} 40. a4 {[%clk 0:01:34]} Rc7 {[%clk 0:07:14]} 41.
b5 {[%clk 0:22:47]} axb5 {[%clk 0:29:59]} 42. axb5 {[%clk 0:23:03]} c5 {[%clk
0:30:25]} 43. dxc5 {[%clk 0:17:25]} bxc5 {[%clk 0:30:48]} 44. Re8 {[%clk
0:16:19]} Kf7 {[%clk 0:16:38]} 45. Ra8 {[%clk 0:15:27]} Ke6 {[%clk 0:14:55]}
46. Ra6+ {[%clk 0:15:13]} Kf7 {[%clk 0:14:55]} 47. b6 {[%clk 0:14:59]} Rc8
{[%clk 0:14:54]} 48. b7 {[%clk 0:14:37]} Rb8 {[%clk 0:15:21]} 49. Rb6 {[%clk
0:15:03]} Kg7 {[%clk 0:14:55]} 50. Kb3 {[%clk 0:12:27]} g5 {[%clk 0:13:57]} 51.
fxg5 {[%clk 0:12:45]} f4 {[%clk 0:13:24]} 52. Kc3 {[%clk 0:13:05]} f3 {[%clk
0:12:54]} 53. Kd2 {[%clk 0:13:08]} 1-0

[Event "Deutsche Ländermeisterschaft 2018"]
[Site "Würzburg GER"]
[Date "2018.10.07"]
[Round "7"]
[White "Engel, Robert"]
[Black "Oberhofer, Cédric"]
[Result "1/2-1/2"]
[Termination "normal"]
[Board "7.2"]
[WhiteElo "2059"]
[BlackElo "2213"]
[WhiteClock "00:18:44"]
[BlackClock "00:27:19"]
[WhiteTeam "Hamburg"]
[BlackTeam "Bayern 1"]
[PlyCount "97"]
[WhiteFideId "12974684"]
[BlackFideId "12941220"]
[EventCountry "GER"]
[EventRounds "7"]
[EventType "team-swiss"]
[EventDate "2018.10.02"]

1. e4 {[%clk 1:30:59]} c5 {[%clk 1:30:54]} 2. Nf3 {[%clk 1:31:26]} Nc6 {[%clk
1:31:20]} 3. Bb5 {[%clk 1:31:49]} d6 {[%clk 1:31:43]} 4. O-O {[%clk 1:32:14]}
Bd7 {[%clk 1:31:49]} 5. Re1 {[%clk 1:32:36]} Nf6 {[%clk 1:29:54]} 6. c3 {[%clk
1:31:10]} a6 {[%clk 1:29:45]} 7. Ba4 {[%clk 1:29:24]} b5 {[%clk 1:22:59]} 8.
Bc2 {[%clk 1:29:44]} Bg4 {[%clk 1:14:58]} 9. h3 {[%clk 1:28:49]} Bxf3 {[%clk
1:14:49]} 10. Qxf3 {[%clk 1:26:16]} g6 {[%clk 1:15:11]} 11. d3 {[%clk 1:22:41]}
Bg7 {[%clk 1:14:26]} 12. Be3 {[%clk 1:18:05]} Nd7 {[%clk 1:13:33]} 13. Qg3
{[%clk 1:15:37]} O-O {[%clk 1:12:43]} 14. f4 {[%clk 1:14:47]} Rb8 {[%clk
1:08:45]} 15. h4 {[%clk 1:10:33]} Nf6 {[%clk 0:57:23]} 16. f5 {[%clk 1:02:09]}
Ne5 {[%clk 0:52:07]} 17. Nd2 {[%clk 0:55:49]} Kh8 {[%clk 0:46:02]} 18. Nf3
{[%clk 0:53:46]} Nxf3+ {[%clk 0:37:26]} 19. Qxf3 {[%clk 0:54:00]} Rc8 {[%clk
0:34:26]} 20. g4 {[%clk 0:51:46]} Nd7 {[%clk 0:32:28]} 21. h5 {[%clk 0:49:27]}
e6 {[%clk 0:29:10]} 22. Re2 {[%clk 0:45:59]} g5 {[%clk 0:25:21]} 23. h6 {[%clk
0:40:05]} Bf6 {[%clk 0:25:29]} 24. Rh2 {[%clk 0:33:38]} Ne5 {[%clk 0:20:10]}
25. Qe2 {[%clk 0:33:20]} d5 {[%clk 0:19:27]} 26. d4 {[%clk 0:30:05]} cxd4
{[%clk 0:17:35]} 27. cxd4 Rxc2 {[%clk 0:17:26]} 28. Qxc2 {[%clk 0:27:58]} Nf3+
{[%clk 0:17:54]} 29. Kg2 {[%clk 0:27:16]} Nxh2 {[%clk 0:18:17]} 30. Kxh2 {[%clk
0:27:28]} dxe4 {[%clk 0:15:44]} 31. Qxe4 {[%clk 0:26:50]} Re8 {[%clk 0:15:29]}
32. Bf2 {[%clk 0:22:46]} Qd6+ {[%clk 0:12:35]} 33. Kg2 {[%clk 0:21:52]} Rd8
{[%clk 0:08:16]} 34. Rc1 {[%clk 0:20:10]} exf5 {[%clk 0:06:37]} 35. Qxf5 {[%clk
0:20:21]} Kg8 {[%clk 0:05:39]} 36. b3 {[%clk 0:14:14]} Qe6 {[%clk 0:04:30]} 37.
Qf3 {[%clk 0:10:45]} Be7 {[%clk 0:03:31]} 38. Rc6 {[%clk 0:11:10]} Rd6 {[%clk
0:03:18]} 39. Rxd6 {[%clk 0:08:56]} Bxd6 {[%clk 0:02:39]} 40. Bg3 {[%clk
0:05:49]} Kf8 {[%clk 0:00:57]} 41. Qa8+ {[%clk 0:28:46]} Ke7 {[%clk 0:31:19]}
42. Bxd6+ {[%clk 0:27:19]} Qxd6 {[%clk 0:27:36]} 43. Qe4+ {[%clk 0:27:48]} Kf8
{[%clk 0:28:01]} 44. Qa8+ {[%clk 0:26:26]} Ke7 {[%clk 0:28:27]} 45. Qe4+ {[%clk
0:26:45]} Kf8 {[%clk 0:28:54]} 46. d5 {[%clk 0:20:13]} Qxh6 {[%clk 0:26:45]}
47. Qe5 {[%clk 0:19:34]} Qg6 {[%clk 0:26:55]} 48. d6 {[%clk 0:18:51]} Qc2+
{[%clk 0:27:19]} 49. Kg1 {[%clk 0:18:44]} 1/2-1/2